| 000 | 00409cam a2200157ua 4500 | ||
|---|---|---|---|
| 020 | _a9788174091955 | ||
| 082 |
_a519.062 _bGRE/HI |
||
| 100 |
_aGrewal, B S. _9250 |
||
| 100 |
_aGrewal, J S . _9631 |
||
| 245 | _aHigher Engineering Mathematics / | ||
| 250 | _a42 / 39 | ||
| 260 |
_aNew Delhi : _bKhanna Publishers , _c2012 |
||
| 300 | _a1312, 1276 | ||
| 500 | _a15113-Reference,20875 Scheme | ||
| 942 | _cBK | ||
| 999 |
_c11236 _d11236 |
||